00427nam a2200157Ia 4500008004100000100001600041245006200057260000900119300001100128504001000139650002900149650002200178650002500200700002400225773002000249181130s2018 xx 000 0 und d aHooda, D.S. aNecessity and challenges of private universities in India c2018 ap.3-6. d7-May aHigher education - India aPrivate education aUniversities - India aMalik, Satish Kumar aUniversity News